Statistiche per Mari d'Europa

Clicka qui per fare il quiz!

Statistiche generali

  • Questo quiz è stato fatto 980 volte
  • Il punteggio medio è 13 su 32

Risposte nella Mappa

Le risposte nella mappa del quiz sottostante sono codificate secondo una scala di colori dal rosso al verde in base alla % di persone che hanno risposto correttamente.
Caricamento ...
backgroundLayer 1Layer 2
 

Statistiche sulle risposte

Mare% Corretto
Mare Adriatico
97%
Mar Mediterraneo
97%
Mar Nero
94%
Mar Tirreno
93%
Mar Ionio
89%
Mare del Nord
86%
Mar Ligure
85%
Mar Baltico
83%
Mar Caspio
79%
Mar Egeo
77%
Mar di Sardegna
59%
Mar di Norvegia
51%
Mare d'Irlanda
50%
Mare delle Baleari
45%
Mar d'Azov
36%
Mar di Marmara
32%
Mar Bianco
31%
Mare di Creta
30%
Mare di Barents
25%
Mare di Groenlandia
19%
Mare Celtico
13%
Mar Cantabrico
9%
Mare di Kara
9%
Mare di Alborán
9%
Mare delle Ebridi
7%
Mare di Åland
6%
Mar di Tracia
6%
Mare dei Wadden
5%
Mare della Pečora
5%
Mare d'Iroise
3%
Mar dell'Arcipelago
3%
Mar di Myrtoön
3%

Distribuzione punteggi

Percentile per numero di risposta

Percentuale di utenti per punteggio

I tuoi punteggi nel tempo

Non hai fatto questo quiz